[Event "XXVI Ciudad de Linares"]
[Site "Linares"]
[Date "2009.02.26"]
[Round "7"]
[White "Anand, Viswanathan"]
[Black "Grischuk, Alexander"]
[Result "1/2-1/2"]
[WhiteElo "2791"]
[BlackElo "2733"]
[PlyCount "64"]
[EventDate "2009.??.??"]
[EventCountry "ESP"]
[Source "Chess Tigers"]
[SourceDate "2009.01.01"]

1. d4 Nf6 2. c4 g6 3. f3 Bg7 4. e4 d6 5. Nc3 O-O 6. Be3 a6 7. Nge2 Nc6 8. Qd2
Rb8 9. Rc1 (9. Rb1 b5 (9... Bd7 10. b4 Re8 11. a4 a5 12. b5 Nb4 13. Ng3 e5 14.
d5 b6 15. Be2 Qe7 (15... h5 16. Bg5 Qe7 17. h4 Qf8 18. Nd1 Nh7 19. Nf2 Nxg5 20.
hxg5 f6 21. Nh3 f5 22. exf5 Bxf5 23. Ne4 Qe7 24. Nhf2 Rf8 25. g3 Rf7 26. Kf1
Rbf8 27. Kg2 Bc8 28. Rbf1 Bf5 29. Bd1 Bc8 30. Rh4 Bd7 31. Rfh1 Bc8 32. Qe3 Bb7
33. g4 Bxd5 34. gxh5 gxh5 35. cxd5 Nxd5 36. Qb3 Qe6 37. g6 Rxf3 38. Bxf3 Nf4+
39. Rxf4 Qxb3 40. Rxf8+ Kxf8 41. Rxh5 Qxa4 42. Rf5+ Kg8 43. Nxd6 cxd6 44. Bd5+
Kh8 45. Rh5+ Bh6 46. Rxh6+ Kg7 47. Rh3 Qxb5 48. Bf7 Qc6+ 49. Kg3 a4 50. Rh7+
Kf8 51. Ng4 Qc3+ 52. Kh4 Qe1+ 53. Kh5 Qh1+ 54. Kg5 Qc1+ 55. Kh4 Qh1+ 56. Kg3
Qg1+ 57. Kf3 Qd1+ 58. Kg3 Qg1+ 59. Kh4 Qh1+ 60. Kg5 Qc1+ 61. Kh4 Qh1+ {1/2-1/2
Dreev,A (2682)-Golubev,M (2527)/playchess.com INT 2004/EXT 2005}) 16. O-O h5
17. Nh1 Qf8 18. Nf2 Nh7 19. Nd3 Nxd3 20. Bxd3 Re7 21. Kh1 Rbe8 22. Ne2 Bc8 23.
Rbe1 Bf6 24. Bh6 Bg7 25. Be3 Bf6 26. g3 Qg7 27. Rf2 Qh8 28. Qc1 Qg7 29. Bh6 {
1/2-1/2 Dreev,A (2682)-Golubev,M (2527)/playchess.com INT 2004/CBM 100 ext}) (
9... e6 10. b4 Nd7 11. g3 Nb6 12. Qd3 f5 13. Bg2 fxe4 14. fxe4 d5 15. c5 dxe4
16. Nxe4 Nd5 17. Bd2 e5 {1/2-1/2 Bu Xiangzhi (2615)-Svidler,P (2735)/ICC INT
2004/CBM 105}) 10. cxb5 axb5 11. b4 e5 12. d5 Ne7 13. Ng3 Bd7 14. Bd3 c6 15.
dxc6 Bxc6 16. O-O d5 17. Bc5 d4 18. Nce2 Nd7 19. Bd6 Rc8 20. f4 f6 21. a4 Nb6
22. fxe5 fxe5 23. Qa2+ Bd5 24. Rxf8+ Bxf8 25. exd5 Qxd6 26. Ne4 {1-0 Dreev,A 
(2683)-Efimenko,Z (2546)/Moscow 2002/CBM 088}) (9. h4 b5 (9... h5 10. Nc1 e5
11. d5 Nd4 12. Nb3 c5 13. dxc6 bxc6 14. Nxd4 exd4 15. Bxd4 Re8 16. Be2 d5 17.
e5 Nd7 (17... c5 18. Bxc5 Nd7 19. Bd6 Nxe5 20. Bxb8 Nxc4 21. Qc1 Bf5 {1/2-1/2
Lautier,J (2677)-Smirin,I (2656)/Rethymnon 2003/CBM 098}) 18. e6 fxe6 19. Bxg7
Kxg7 20. O-O-O Qf6 21. g4 hxg4 22. fxg4 Nc5 23. h5 g5 24. h6+ Kh8 25. Rh5 e5
26. Qe3 Bxg4 27. Rf1 Qe7 28. Bxg4 d4 29. Qg3 dxc3 30. Qxc3 Rxb2 31. Qe3 Reb8
32. Bf5 Rxa2 33. Rxg5 Ra1+ 34. Kc2 Rxf1 35. Rg7 Qh4 36. Rh7+ Kg8 37. Rg7+ Kh8
38. Rh7+ Kg8 39. Rg7+ Kh8 {1/2-1/2 Lautier,J (2680)-Golubev,M (2532)/playchess.
com INT 2004/CBM 099 ext}) 10. h5 e5 11. d5 Na5 12. Ng3 bxc4 13. O-O-O Bd7 14.
Bh6 Bxh6 15. Qxh6 Qe7 16. Be2 Rb4 17. Rd2 c6 18. Nf1 Kh8 19. hxg6 fxg6 20. Qxg6
cxd5 21. Ne3 Be6 22. exd5 Rg8 23. Qh6 Bd7 24. g4 Qg7 25. Bd1 Qxh6 26. Rxh6 Rg6
27. Rdh2 Kg7 28. R6h4 h5 29. gxh5 Rg1 30. h6+ Kh8 31. Rg2 Rxg2 32. Nxg2 Rb7 33.
Ne3 Rc7 34. Be2 Be8 35. Bxc4 Bf7 36. b3 Nxc4 37. Rxc4 Rxc4 38. Nxc4 Ne8 39. Kd2
Kh7 40. Ke3 Kxh6 41. f4 exf4+ 42. Kxf4 Kg7 43. Nb6 Kf6 44. Nc8 Bg6 45. Ne4+ Kg7
46. Ncxd6 Nxd6 47. Nxd6 Bb1 48. a3 Ba2 49. Nf5+ {1-0 Lautier,J (2682)-Svidler,
P (2735)/ICC INT 2004/CBM 105}) (9. Nc1 e5 10. d5 Nd4 11. Nb3 Nxb3 12. axb3 Nh5
13. b4 f5 14. b5 axb5 15. cxb5 fxe4 16. Nxe4 Bf5 17. Bd3 Nf4 18. O-O Qd7 19.
Bc4 Kh8 {1/2-1/2 Obodchuk,A (2417)-Svidler,P (2713)/Poikovsky 2003/CBM 095})
9... e6 (9... Qd7 10. Nd5 Re8 11. h4 h5 12. g3 Nh7 13. Bg2 e5 14. O-O Qd8 15.
Rfd1 Nf8 16. c5 Be6 17. cxd6 cxd6 18. dxe5 Bxd5 19. Qxd5 dxe5 20. Qxd8 Rexd8
21. Bh3 Bf6 22. a3 Be7 23. Kf2 f6 24. Bb6 Rxd1 25. Rxd1 Kf7 26. f4 Bd8 27. Be3
exf4 28. gxf4 f5 29. exf5 Bxh4+ 30. Kf3 Rd8 31. Rxd8 Nxd8 32. b4 Bf6 33. Ng3
Bb2 34. a4 Nc6 35. fxg6+ Nxg6 36. Bc8 b5 37. axb5 axb5 38. f5 Nf8 39. Ba6 Nxb4
40. Bxb5 h4 41. Ne4 Nc2 42. Bc4+ Ke8 43. Bb5+ Kf7 44. Bc4+ Ke8 45. Bg5 Nd4+ 46.
Kg4 h3 47. Nf6+ Ke7 48. Nh7+ Ke8 49. Nf6+ Ke7 50. Nd5+ Ke8 51. Bf4 Nd7 52. Bf1
Nxf5 53. Kxf5 Nc5 54. Bxh3 Kd7 55. Nb6+ Kc6 56. Nc4 Bc3 57. Bg2+ Kb5 58. Nd6+
Kb4 59. Bh6 Nb3 60. Bf8 Ka3 61. Nb5+ Kb2 62. Nxc3 Kxc3 63. Bg7+ Kb4 64. Ke4
Nc5+ 65. Kd5 Nd3 66. Bf8+ Kc3 67. Be4 Nf4+ 68. Kc6 Kd4 69. Bh7 Ke5 70. Bd6+ Kf6
71. Bxf4 {1-0 Dreev,A (2705)-Cabrera,A (2502)/Albox 2005/CBM 106 ext}) (9... e5
10. d5 Ne7 11. Ng3 Ne8 12. Bd3 f5 13. exf5 Nxf5 14. Bg5 {1/2-1/2 Dreev,A (2690)
-Ye Jiangchuan (2681)/Moscow 2004/CBM 103}) (9... Bd7 10. Nd1 e5 11. d5 Ne7 12.
Nf2 Ne8 13. g3 c5 14. b4 b6 15. Bg2 f5 16. O-O (16. a3 Nf6 17. O-O Nh5 18. Rb1
Kh8 19. Nd3 fxe4 20. fxe4 Ng8 21. Rxf8 Qxf8 22. h3 Qc8 23. Kh2 Nhf6 24. Qb2 Ra8
25. bxc5 bxc5 26. Qb6 Ne8 27. Ng1 Nh6 28. Nf3 Nf7 29. Qb7 Kg8 30. Qxc8 Bxc8 31.
Bf1 Nf6 32. Nd2 Bh6 33. Bxh6 Nxh6 34. Rb6 Nf7 35. Nxc5 dxc5 36. Rxf6 Rb8 37.
Nf3 Rb3 38. Bg2 Rxa3 39. Rc6 Bd7 40. Rxc5 Rc3 41. Rc7 Ba4 42. c5 Bd1 43. Ne1
Re3 44. c6 Rxe1 45. Ra7 Ba4 46. Rxa6 Bxc6 47. Rxc6 Re2 48. Kg1 Rd2 49. Re6 Kg7
50. h4 Rd3 51. Kf2 Rd2+ 52. Kf1 Rd3 53. Kf2 Rd2+ 54. Kg1 Rd3 55. Kh2 Nh6 56.
Bh3 Rd2+ 57. Kg1 Rd3 58. Re7+ Kh8 59. Kf2 Ng8 60. Rxe5 Nf6 61. Re7 Rd2+ 62. Ke3
Rd1 63. Ke2 Rd4 64. d6 Rxd6 65. e5 Rb6 66. exf6 Rxf6 67. Be6 h5 68. Bd5 Rd6 69.
Be4 Rf6 70. Ke3 Kg8 71. Re5 Kg7 72. Rg5 Kh6 73. Rxg6+ Rxg6 74. Bxg6 Kxg6 75.
Ke4 {1-0 Dreev,A (2670)-Reyes Larena,J (2435)/Benidorm 2008/CB01_2009}) 16...
Kh8 17. Rb1 Ng8 18. Rb3 Ngf6 19. bxc5 bxc5 20. Rfb1 Ra8 21. Bg5 fxe4 22. fxe4
Bc8 23. Nc3 Bd7 24. Ra3 Nc7 25. Rab3 Rf7 26. Rb7 Rc8 27. Ncd1 Qf8 28. Qa5 Nfe8
29. Rb8 Nf6 30. Rxc8 Qxc8 31. Qb6 Nce8 32. Qb8 Kg8 33. Qxc8 Bxc8 34. Rb8 Rc7
35. Bd2 Nd7 36. Rb3 Rb7 37. Bh3 Rxb3 38. axb3 Nb6 39. Ba5 Bxh3 40. Nxh3 Nc8 41.
Ng5 Bh6 42. h4 Nf6 43. Nf2 Bxg5 44. hxg5 Nh5 45. Kg2 Kf7 46. Kf3 Ke8 47. Nd3
Ne7 48. b4 cxb4 49. Bxb4 {1-0 Dreev,A (2690)-Ye Jiangchuan (2681)/Taiyuan 2004/
CBM 102}) 10. b3 (10. g3 Bd7 (10... d5 11. cxd5 exd5 12. e5 Ne8 13. Bg2 Ne7 14.
O-O f6 15. Bh6 Bxh6 16. Qxh6 fxe5 17. dxe5 c6 18. Qd2 Qb6+ 19. Kh1 Nf5 20. Na4
Qe3 21. Qxe3 Nxe3 22. Rfe1 Ng7 23. Nd4 Nxg2 24. Kxg2 Ne6 25. Nxe6 Bxe6 26. Nc5
Kf7 27. f4 Rfc8 28. a3 a5 29. Kf3 b6 30. Nxe6 Kxe6 31. g4 c5 32. h4 b5 33. h5
b4 34. axb4 Rxb4 35. Rc2 Rf8 36. f5+ gxf5 37. g5 Rb3+ 38. Kf2 c4 39. g6 hxg6
40. hxg6 Rg8 41. Ra1 Rb5 42. b3 cxb3 43. Rc6+ Kxe5 {0-1 Graf,F (2177)-Reschke,
S (2350)/Schwaebisch Gmuend 2008/CBM 122 Extra}) 11. Nd1 Ne8 (11... b5 12. c5
b4 13. Nf2 Ne7 14. Nd3 a5 15. g4 Bb5 16. Ng3 Nc6 17. Nf2 Bxf1 18. Kxf1 d5 19.
e5 Nd7 20. f4 f6 21. exf6 Nxf6 22. Kg2 Ne4 23. Nfxe4 dxe4 24. Qc2 Qd5 25. Qxe4
Nxd4 26. Qxd5 exd5 27. Rhd1 Nc6 28. Rxd5 Bxb2 29. Rb1 Bg7 30. f5 a4 31. Rd7 Rf7
32. Rxf7 Kxf7 33. Rf1 Be5 34. Ne4 gxf5 35. Rxf5+ Ke6 36. Ng5+ Kd5 37. Nf3 Ke4
38. Bc1 b3 39. axb3 axb3 40. Nxe5 b2 41. Nxc6 {0-1 Manolache,M (2492)-Kruppa,Y
(2538)/Bucharest 2006/CBM 112 ext}) 12. Bg2 f5 13. Nf2 Qe7 14. O-O e5 15. d5
Nd8 16. c5 Bb5 17. Rfe1 Nf7 18. exf5 gxf5 19. f4 Nf6 20. cxd6 cxd6 21. fxe5
Nxe5 22. Nd4 Nfg4 23. Bg5 Qf7 24. Ne6 Nxf2 25. Rc7 Nh3+ 26. Kh1 Bd7 27. Rxe5
Bxe5 28. Nxf8 Rxf8 29. Bxh3 Rc8 30. Rxb7 Qh5 31. Kg2 Bb5 32. Bxf5 Rf8 33. Qf2
Kh8 34. h4 Bc4 35. g4 Bxd5+ 36. Kg1 Qe8 37. Rxh7+ Kg8 38. Re7 Qb8 39. Qd2 Bf7
40. b3 Qb6+ 41. Be3 Qc6 42. Bf2 Bg7 43. Qg5 Qf3 44. Be6 Qd1+ 45. Kg2 Qa1 46.
Rxf7 Rxf7 47. Qf5 Qf6 48. Qxf6 Bxf6 49. g5 {1-0 Postny,E (2661)-Kostiukova,L 
(2224)/Aghios Kirykos 2008/CBM 125 Extra}) (10. Nd1 Ne7 11. Nf2 b5 12. c5 dxc5
13. Rxc5 Nd7 14. Rc1 c6 15. h4 e5 16. h5 f5 17. Bg5 Qe8 18. hxg6 hxg6 19. dxe5
Bxe5 20. exf5 Nxf5 21. Ng4 Bg7 22. Nh6+ Nxh6 23. Bxh6 Nf6 24. Bxg7 Kxg7 25.
Qh6+ Kf7 26. Kf2 Bf5 27. Qf4 Kg7 28. Kg1 Qd7 29. Nd4 Rbc8 30. Rc5 Bb1 31. Rh4
Rfe8 32. Qh6+ Kf7 33. Qh7+ Kf8 34. Qh8+ Ng8 35. Rf4+ Ke7 36. Re5+ Kd6 37. Nxb5+
cxb5 38. Rd4+ Kc6 39. Rxd7 Rxe5 40. Qxe5 Kxd7 41. a4 bxa4 42. Qd4+ Ke8 {1-0
Malakhatko,V (2594)-Neumeier,K (2283)/Oberwart 2006/CBM 113 ext}) 10... Nd7
$146 (10... Bd7 11. d5 Ne7 12. Ng3 e5 13. Bd3 Ne8 14. O-O f5 15. f4 {1/2-1/2
Savic,M (2270)-Arsovic,G (2414)/Obrenovac 2004/CBM 103 ext}) 11. h4 h5 12. g3
Ne7 13. g4 hxg4 14. fxg4 Nf6 15. g5 Nh5 16. Bg2 e5 17. Bf3 b5 18. dxe5 Bxe5 19.
Nf4 Bxf4 20. Bxf4 bxc4 21. bxc4 Be6 22. Nd5 Bxd5 23. cxd5 Qd7 24. O-O Nxf4 25.
Qxf4 c6 26. h5 cxd5 27. h6 Qe6 28. exd5 Nxd5 29. Bxd5 Qxd5 30. Qf6 Qe5 31. Qxe5
dxe5 32. Rc5 Rb5 1/2-1/2

[Event "XXVI Ciudad de Linares"]
[Site "Linares"]
[Date "2009.02.26"]
[Round "7"]
[White "Radjabov, Teimour"]
[Black "Carlsen, Magnus"]
[Result "1/2-1/2"]
[WhiteElo "2760"]
[BlackElo "2776"]
[PlyCount "67"]
[EventDate "2009.??.??"]
[EventCountry "ESP"]
[Source "Chess Tigers"]
[SourceDate "2009.01.01"]

1. e4 e5 2. Nf3 Nc6 3. Bc4 Bc5 4. c3 Nf6 5. d3 a6 6. Bb3 O-O 7. O-O d6 8. h3 h6
9. Re1 Ba7 10. Nbd2 Be6 11. Bc2 (11. Nf1 Qd7 (11... Re8 12. Be3 Bxe3 13. Nxe3
d5 14. exd5 Nxd5 15. Nxd5 Bxd5 16. d4 e4 17. Nd2 f5 18. f3 e3 19. f4 Na5 20.
Bxd5+ Qxd5 21. Nf1 Qb5 22. Nxe3 Re4 23. Qd2 Rae8 24. b3 b6 25. c4 Qd7 26. Nc2
Nb7 27. Rxe4 Rxe4 28. Re1 Nd6 29. Rxe4 Nxe4 30. Qe3 b5 31. Nb4 a5 32. Nd5 b4
33. Kh2 Qd8 34. Qd3 {1/2-1/2 Adams,M (2715)-Anand,V (2769)/Wijk aan Zee 2000/
CBM 075}) (11... Bxb3 12. axb3 (12. Qxb3 Qd7 13. Be3 Rfe8 14. Bxa7 Rxa7 15. Ng3
Qe6 16. Qa4 b5 17. Qc2 Nb8 18. a4 Rb7 19. axb5 axb5 20. d4 g6 21. Qd2 Kh7 22.
Nh2 b4 {1/2-1/2 Movsesian,S (2677)-Short,N (2645)/Wijk aan Zee 2008/CBM 122})
12... Re8 13. N3h2 Qd7 14. Qf3 Qe6 15. b4 Ne7 16. Ng3 c6 17. Ng4 Nh7 18. Be3
Bxe3 19. Qxe3 Rad8 20. d4 exd4 21. Qxd4 Qg6 22. Ne3 Ng5 23. Rad1 d5 24. Nef5
Ne6 25. Qe5 Qg5 26. h4 Qf4 27. Nxe7+ Rxe7 28. exd5 Qxe5 29. Rxe5 Red7 30. Nf5
Kf8 31. d6 g6 32. Nxh6 Rxd6 33. Rde1 Rd1 34. Ng4 R8d2 35. Rxd1 Rxd1+ 36. Kh2
Rd2 37. Re3 Rxb2 38. Rf3 Re2 39. Nf6 c5 40. Nd7+ Ke7 41. Nxc5 Nxc5 42. bxc5 Re4
43. c4 Rxh4+ 44. Kg3 Rxc4 45. Rb3 Rxc5 46. Rxb7+ Kf8 47. Ra7 Ra5 48. f4 Kg7 49.
Kh4 Kf6 50. g4 Ra1 51. g5+ Kg7 52. Kg3 a5 53. Ra8 a4 54. Kg2 a3 55. Kf2 f5 56.
gxf6+ Kxf6 57. Ra5 Ke6 58. Kg2 Kd6 59. Ra6+ Kd5 60. Rxg6 Ke4 61. Rf6 Rc1 {1/
2-1/2 Leko,P (2694)-Adams,M (2716)/Sarajevo 1999/CBM 071}) 12. Ng3 Rfe8 13. Bc2
d5 14. Qe2 Rad8 15. Nh2 b5 16. Qf3 Nh7 17. Ng4 d4 18. Nf5 Bxf5 19. exf5 Qd6 20.
Bb3 Na5 21. Bc2 Nf6 22. Nxf6+ Qxf6 23. a4 Bb6 24. axb5 axb5 25. Bd2 Nc6 26. Bb3
Rd6 27. c4 bxc4 28. Bxc4 Red8 29. g4 Re8 30. Kg2 Nb8 31. Ra8 Rdd8 32. h4 Qxh4
33. Rh1 e4 34. dxe4 Qe7 35. g5 Qxe4 36. g6 Kf8 37. gxf7 Re5 {1-0 Dominguez
Perez,L (2719)-Mamedyarov,S (2731)/Almaty 2008/EXT 2009}) 11... Re8 (11... Qd7
12. Nf1 Rfe8 13. N3h2 d5 14. Qf3 Nh7 15. Ng3 f6 16. h4 d4 17. Nf5 dxc3 18. bxc3
Ne7 19. Nxe7+ Qxe7 20. Be3 Bxe3 21. Qxe3 c5 22. d4 cxd4 23. cxd4 Rac8 24. Ba4
b5 25. Bb3 exd4 26. Qxd4 Nf8 27. Nf3 Qf7 28. Bd5 Rcd8 29. Red1 Ng6 30. g3 Bxd5
31. exd5 Ne7 32. d6 Nf5 33. Qb6 Qh5 34. d7 Qxf3 {0-1 Movsesian,S (2723)
-Eljanov,P (2716)/Moscow 2008/CBM 126 Extra}) (11... Ne7 12. Nf1 Ng6 13. Ng3 d5
14. exd5 Qxd5 15. Bb3 Qd6 16. Bxe6 fxe6 17. Qc2 Kf7 18. Ne4 Nxe4 19. Rxe4 Rad8
20. d4 exd4 21. cxd4 e5 22. Be3 exd4 23. Nxd4 {1-0 Movsesian,S (2670)
-Stefansson,H (2564)/Czechia 2008/EXT 2009}) 12. Nh2 (12. Nf1 d5 (12... Ne7 13.
Ng3 Ng6 14. d4 c6 15. Be3 Qc7 16. Qd2 Rad8 17. Nf5 d5 18. Nxg7 Kxg7 19. Bxh6+
Kg8 20. exd5 Bxd5 21. Nxe5 Bb8 22. Qg5 Nh7 23. Qg3 Qe7 24. Re3 Bxe5 25. Rxe5
Qh4 26. Qxh4 Nxh4 27. Rae1 Rxe5 28. Rxe5 Bxg2 29. Rh5 Nf3+ 30. Kxg2 Ne1+ 31.
Kf1 Nxc2 32. Re5 Nf8 33. Re2 Nxd4 34. cxd4 Ne6 35. Bd2 Rxd4 36. Ke1 Kh7 37. Re3
Kg6 38. Rb3 Rd7 39. Rg3+ Kf5 40. h4 f6 41. Rf3+ Ke5 42. Bc3+ Nd4 43. h5 c5 44.
h6 Rh7 45. Bxd4+ cxd4 46. Rh3 Kf5 47. Kd2 Kg5 48. Kd3 Rxh6 49. f4+ Kg6 50.
Rxh6+ Kxh6 51. Kxd4 Kh5 52. Kd5 Kg4 53. Ke4 a5 54. a4 Kg3 55. Kf5 Kf3 56. Kxf6
Kxf4 57. Ke6 {1/2-1/2 Areshchenko,A (2644)-Sutovsky,E (2629)/Gibraltar 2007/
CBM 116 ext}) 13. exd5 (13. Qe2 Qd7 14. N3h2 Ne7 15. Qf3 Nh7 16. Ng4 Ng6 17.
Nfe3 c6 18. Nf5 f6 19. d4 exd4 20. Nxd4 Bxd4 21. cxd4 dxe4 22. Qg3 Bf7 23. Qc3
Rad8 24. Be3 h5 25. Nh2 f5 26. Rad1 f4 27. Bc1 Nf6 28. Nf1 Re7 29. Nd2 Rde8 30.
Nc4 Bxc4 31. Qxc4+ Nd5 32. f3 exf3 33. Rxe7 Qxe7 34. Qd3 Ne3 35. Qxg6 f2+ 36.
Kxf2 Nxd1+ 37. Kg1 Qe1+ 38. Kh2 Qg3+ 39. Qxg3 fxg3+ 40. Kxg3 Ne3 41. Bg6 Re6
42. Bxh5 Nf5+ 43. Kf4 Nxd4 44. Bg4 Re7 45. Be3 {0-1 Areshchenko,A (2638)
-Movsesian,S (2670)/Kemer 2007/CBM 121}) 13... Qxd5 (13... Nxd5 14. Ng3 Qd6 15.
Nd2 Qd7 16. Nc4 f6 17. Qf3 Rad8 18. a4 a5 19. Bd2 Ndb4 20. cxb4 Nd4 21. Qd1
Bxc4 22. Be3 Bd5 23. bxa5 Kh8 24. Rc1 c5 25. Bxd4 cxd4 26. Bb3 Bc6 27. Qh5 Rf8
28. Nf5 Kh7 29. Bd1 Bb8 30. b4 Bxa4 31. Bf3 Qf7 32. Qh4 Bd7 33. g4 Be6 34. Be4
Kg8 35. Qg3 Bd6 36. Rb1 Bd5 37. Qf3 Bxe4 38. Qxe4 Rfe8 39. Rec1 Bf8 40. b5 Bb4
41. Rxb4 {1-0 Areshchenko,A (2645)-Svetushkin,D (2565)/Moscow 2008/CBM 122
Extra}) (13... Bxd5 14. Ng3 Qd7 15. Be3 Bxe3 16. Rxe3 Re7 17. Nh4 g6 18. c4 Be6
19. Ba4 Rb8 20. Bxc6 bxc6 21. b3 Qd6 22. Nf3 Nd7 23. d4 exd4 24. Qxd4 Nc5 25.
Qf6 Ree8 26. Ne5 Nd7 27. Nxd7 Bxd7 28. Ne4 Re6 29. Qc3 Qe7 30. Rae1 f5 31. Nc5
Rxe3 32. Qxe3 Qd6 33. Qxh6 Re8 34. Rxe8+ Bxe8 35. Qe3 Bf7 36. f4 a5 37. a4 g5
38. Qe5 gxf4 39. Qxd6 cxd6 40. Nb7 Bh5 41. Nxa5 Bd1 42. Nxc6 Bxb3 43. a5 Bxc4
44. Nb4 {1-0 Felgaer,R (2636)-Matsuura,E (2453)/Sao Paulo 2005/CBM 108 ext})
14. Qe2 Rad8 15. Ng3 Bc5 16. Nh4 Bf8 17. a4 Na5 18. Be3 c5 19. Nf3 Qd6 20. Rad1
Qc7 21. Nd2 c4 22. dxc4 Nxc4 23. Nxc4 Bxc4 24. Qf3 Bd5 25. Ne4 Bxe4 26. Bxe4
Nxe4 27. Qxe4 f6 28. a5 Qxa5 29. Rxd8 Rxd8 30. Qxb7 Qb5 31. Qc7 Rd6 32. b4 Qc6
33. Qb8 Qxc3 34. Rc1 Qxc1+ 35. Bxc1 Rd1+ 36. Kh2 Rxc1 37. Qa8 Rb1 38. Qxa6 Rxb4
39. Qe6+ Kh7 40. g3 Rd4 41. Qf5+ Kg8 42. h4 Be7 43. Qe6+ Kf8 44. h5 Rb4 45. Kh3
Rd4 46. Kg2 Rb4 47. Qd5 Rd4 48. Qa8+ Rd8 49. Qc6 f5 50. Qe6 f4 51. g4 Bg5 52.
Kf3 e4+ 53. Qxe4 Re8 54. Qf5+ Kg8 55. Qd5+ Kf8 56. Qc4 Re7 57. Kg2 Re8 58. Kh2
Re7 59. Kh3 {1/2-1/2 Radjabov,T (2751)-Aronian,L (2757)/Dresden 2008/CB49_2008}
) 12... d5 13. Qf3 dxe4 $146 (13... d4 14. Ndf1 Qe7 15. Ng3 Rad8 16. c4 b5 17.
cxb5 Nb4 18. Bb1 axb5 19. a3 Na6 20. Nf5 Bxf5 21. Qxf5 Nc5 22. Bc2 Nb7 23. Qf3
c5 24. a4 b4 25. Nf1 c4 26. dxc4 Nc5 27. Bd3 Nb3 28. Rb1 Nd7 29. Ng3 Nxc1 30.
Rexc1 Nc5 31. b3 Bb6 32. Re1 Qg5 33. Red1 g6 34. Qg4 Kg7 35. Qxg5 hxg5 36. f3
Rd6 37. Kf2 f6 38. Ke2 Rh8 39. Kd2 Rdd8 40. Kc2 Ra8 41. Ra1 Ra7 42. Nh1 Kf7 43.
Nf2 Ke7 44. Bf1 Ra5 45. Nd3 Nxd3 46. Bxd3 Bc5 47. Rh1 Ra7 48. Kd2 Ke6 49. Ke2
Kd6 50. Kf2 Ke6 51. g3 Rah7 52. Kg2 Kd6 53. Raf1 Ke6 54. Rh2 Rh6 55. Rfh1 Kf7
56. h4 Ke7 57. a5 Kd6 58. a6 R6h7 59. Ra1 Bb6 60. Ra2 gxh4 61. Rxh4 g5 62. Rxh7
Rxh7 63. f4 gxf4 64. gxf4 Bc5 65. Rf2 Rg7+ 66. Kf3 Rg1 67. Ra2 Rg7 68. Rh2 exf4
69. Kxf4 Kc6 70. Ra2 Bb6 71. Be2 Ba7 72. Ra4 Rg2 73. Kf3 Rg1 74. Rxb4 Ra1 75.
Ra4 Rxa4 76. bxa4 Kd6 77. Kf4 Ke7 78. Kf5 Bb6 79. Bg4 d3 80. Kf4 Kd6 81. Bd1
Bc5 82. Bf3 Ba7 83. Bg4 Bd4 84. Kf5 Ke7 85. Bh3 Ba7 86. Bf1 d2 87. Be2 Bd4 88.
Bd1 Ba7 89. Bb3 Bc5 90. Bd1 Ba7 91. Bc2 Bb6 92. Kf4 Kd6 93. Bb3 Ba7 94. Kf3 Ke5
95. Bc2 Bc5 96. Kg4 {1/2-1/2 Areshchenko,A (2650)-Azarov,S (2585)/Plovdiv 2008/
CBM 124}) (13... Ne7 14. Ndf1 Ng6 15. Ng3 Qd7 16. Nh5 Nxh5 17. Qxh5 dxe4 18.
dxe4 Qe7 19. Ba4 Qf6 20. Qf3 Qxf3 21. Nxf3 Red8 22. Bb3 Rd6 23. Bxe6 Rxe6 24.
Rd1 Kf8 25. b3 Ke8 26. g3 Rc6 27. Bb2 Bc5 28. c4 f6 29. Ne1 a5 30. Nd3 Bb6 31.
Rac1 Rd8 32. Kf1 Bd4 33. Ke2 b6 34. Ba3 Re6 35. Ne1 c5 36. Nc2 Ne7 37. Rb1 Nc6
38. Rd3 Red6 39. Bc1 Nb4 40. Nxb4 axb4 41. a3 bxa3 42. Bxa3 b5 43. cxb5 Rb6 44.
Rc1 Rxb5 45. Rc2 Rdb8 46. Kd1 Ra8 47. Bb2 c4 48. Rdd2 cxb3 49. Rc7 Bxb2 50.
Rxb2 Rd8+ 51. Ke2 Kf8 52. Rc3 Rdb8 53. Ke3 R8b7 54. h4 h5 55. f3 Rb4 56. Rd3
Kf7 57. Rc3 g6 58. Rd3 Ke7 59. Rc3 R4b6 60. Rd3 Ke6 61. Rc3 f5 62. Rd3 Rb4 63.
Rc3 R7b6 64. Rd3 Kf6 65. Rc3 g5 66. hxg5+ Kxg5 67. Rc5 Kf6 68. exf5 Kxf5 69.
Rc3 R6b5 70. Rd3 e4 71. fxe4+ Rxe4+ 72. Kf3 Reb4 73. Re3 h4 74. gxh4 Rxh4 75.
Kg3 Rhb4 76. Kf3 Rb8 77. Ke2 Kf4 78. Kd2 Rd4+ 79. Ke2 Re4 80. Rxe4+ Kxe4 81.
Kd2 Kd4 82. Kc1 Kc3 83. Rh2 Rg8 84. Rh3+ Kb4 85. Rh7 {1/2-1/2 Orlov,G (2470)
-Buturin,V (2375)/Belgorod 1989/TD}) 14. dxe4 Ne7 15. Ndf1 Ng6 16. Be3 Bxe3 17.
Nxe3 c6 18. Nf5 Bxf5 19. exf5 Nf4 20. Rad1 Qc7 21. Ng4 N4h5 22. Re3 Nxg4 23.
hxg4 Nf6 24. Qg3 Rad8 25. Rde1 Rd2 26. Bb3 Qd8 27. g5 hxg5 28. Qxg5 Nd5 29. Qh5
Qf6 30. Rh3 Kf8 31. Qg4 Kg8 32. Qh5 Kf8 33. Qg4 Kg8 34. Qh5 1/2-1/2